00000000nam##2200000za#4500
0019.523695
003CaOODSP
00520200327021409
007ta
008150406|1992||||xxc|||||     f|0| 0 fre|d
040 |aCaOODSP|bfre
041 |aeng
041 |afre
043 |an-cn---
0861 |aFs97-6/1900F
1101 |aCanada. |bMinistère des pêches et des océans.
24510|aAtlas de la pêche à la crevette nordique (Pandalus borealis) dans le golfe du Saint-Laurent 1982-1991: captures, effort, rendement, saison / |cpar Y. Simard et al.
260 |aOttawa - Ontario : |bPêches et Océans Canada |c1992.
300 |avi, 73p. : |bfigures, références, tableaux ; |c28 cm.
4901 |aRapport technique canadien des sciences halieutiques et aquatiques|v1900
500 |aPréparé par la Direction des Sciences biologiques, Ministère des Pêches et des Océans, Institut Maurice-Lamontagne C.P. 1000, 850, route de la Mer Mont-Joli, (Quebec) G5H 3Z4.
546 |aAbstracts in English.) Bilingue
563 |aCouverture souple
69107|aCrustacé|2gcpds
69107|aPêcheries|2gcpds
7201 |aSimard, Y.
7760#|tAtlas of the northern shrimp (Pandalus borealis) fishing in the Gulf of St. Lawrence 1982-1991 : |w(CaOODSP)9.588139
791 |tAtlas of the northern shrimp (Pandalus borealis) fishing in the Gulf of St. Lawrence 1982-1991: catch, effort, yield, season / |eeng|w(CaOODSP)9.523694
830#0|aRapport technique canadien des sciences halieutiques et aquatiques ;|v1900|w(CaOODSP)9.513051